<?xml version="1.0" encoding="UTF-8"?>
<record
    xmlns:xsi="http://www.w3.org/2001/XMLSchema-instance"
    xsi:schemaLocation="http://www.loc.gov/MARC21/slim http://www.loc.gov/standards/marcxml/schema/MARC21slim.xsd"
    xmlns="http://www.loc.gov/MARC21/slim">

  <leader>00494nam a22001697a 4500</leader>
  <controlfield tag="001">10078</controlfield>
  <controlfield tag="003">FISKH</controlfield>
  <controlfield tag="005">20260403115149.0</controlfield>
  <controlfield tag="008">260403b        cb ||||| |||| 00| 0 eng d</controlfield>
  <datafield tag="040" ind1=" " ind2=" ">
    <subfield code="a">FISKH</subfield>
    <subfield code="b">chi</subfield>
    <subfield code="c">FISKH</subfield>
    <subfield code="d">FISKH</subfield>
  </datafield>
  <datafield tag="082" ind1=" " ind2=" ">
    <subfield code="a">800</subfield>
  </datafield>
  <datafield tag="100" ind1=" " ind2=" ">
    <subfield code="a">&#x4E9A;&#x5386;&#x514B;&#x65AF;&#xB7;&#x56FA;&#x7D22;</subfield>
  </datafield>
  <datafield tag="245" ind1=" " ind2=" ">
    <subfield code="a">&#x5C0F;&#x9F99;&#x67E5;&#x7406;&#x51FA;&#x8D70;&#x4E86; (Little Dragon Charles Leaves Home) /</subfield>
    <subfield code="c">&#x4E9A;&#x5386;&#x514B;&#x65AF;&#xB7;&#x56FA;&#x7D22;</subfield>
  </datafield>
  <datafield tag="300" ind1=" " ind2=" ">
    <subfield code="a">45 unnumbered pages : </subfield>
    <subfield code="b">color illustrations ; </subfield>
    <subfield code="c">38 cm . </subfield>
  </datafield>
  <datafield tag="942" ind1=" " ind2=" ">
    <subfield code="2">ddc</subfield>
    <subfield code="c">BOOK</subfield>
    <subfield code="n">0</subfield>
  </datafield>
  <datafield tag="999" ind1=" " ind2=" ">
    <subfield code="c">10078</subfield>
    <subfield code="d">10078</subfield>
  </datafield>
  <datafield tag="952" ind1=" " ind2=" ">
    <subfield code="0">0</subfield>
    <subfield code="1">0</subfield>
    <subfield code="2">ddc</subfield>
    <subfield code="4">0</subfield>
    <subfield code="7">0</subfield>
    <subfield code="8">REF</subfield>
    <subfield code="a">002</subfield>
    <subfield code="b">002</subfield>
    <subfield code="c">LSHTTP</subfield>
    <subfield code="d">2026-04-03</subfield>
    <subfield code="l">0</subfield>
    <subfield code="o">&#x4E9A;&#x5386;&#x514B;&#x65AF;&#xB7;&#x56FA;&#x7D22; 800</subfield>
    <subfield code="p">2026-0456</subfield>
    <subfield code="r">2026-04-03 11:51:46</subfield>
    <subfield code="w">2026-04-03</subfield>
    <subfield code="y">BOOK</subfield>
  </datafield>
</record>
